[Event "Challenge"]
[Site "http://www.queenalice.com/game.php?id=876878"]
[Date "2010.12.26"]
[Round "-"]
[White "Xmen"]
[Black "isaiasgah"]
[Result "0-1"]
[WhiteElo "1938"]
[BlackElo "1751"]

1. Nf3 Nc6 2. Nc3 Nf6 3. e4 d5 4. d3 d4 5. Ne2 e5 6. Bg5 Be7 7. h3 Nb4 8. Nxe5
h6 9. c3 dxc3 10. bxc3 hxg5 11. cxb4 Bxb4+ 12. Nc3 Bxc3+ 13. Ke2 Bxa1 14. Qxa1
g4 15. f4 gxh3 16. Qb1 Nd7 17. Nxd7 Qxd7 18. f5 b6 19. Qb2 f6 20. gxh3 Ba6 21.
Qc3 O-O-O 22. Ke3 Qd6 23. d4 Bxf1 0-1

[Event "Challenge"]
[Site "http://www.queenalice.com/game.php?id=876879"]
[Date "2010.12.26"]
[Round "-"]
[White "Xmen"]
[Black "isaiasgah"]
[Result "0-1"]
[WhiteElo "1937"]
[BlackElo "1816"]

1. Nc3 Nf6 2. e4 Nc6 3. d4 Nxe4 4. Nxe4 d5 5. Nc3 Bf5 6. g4 Bg6 7. Bg5 a6 8. Qe2
Nxd4 9. Qd2 Nxc2+ 10. Kd1 Nxa1 11. Qxd5 Qb8 12. Kc1 e6 13. Qc4 Bd6 14. Qa4+ b5
15. Qd4 Nc2 16. Qd2 Qb7 17. f3 O-O 18. Bg2 f6 19. f4 fxg5 20. Bxb7 Bxf4 21. Bxa8
Rxa8 22. Nf3 e5 23. Nxe5 Rd8 24. Qxf4 gxf4 25. Nxg6 Ne3 26. Nxf4 Nxg4 27. Ncd5
g5 28. Ne7+ Kf8 29. Ne6+ Kxe7 30. Nxd8 Kxd8 31. h3 Nf2 32. Rh2 Nd3+ 33. Kd2 Nxb2
34. Re2 h5 35. Re5 Nc4+ 36. Kd3 Nxe5+ 37. Ke4 g4 38. hxg4 hxg4 39. Kf4 a5 0-1

[Event "Challenge"]
[Site "http://www.queenalice.com/game.php?id=878557"]
[Date "2010.12.29"]
[Round "-"]
[White "isaiasgah"]
[Black "Fafner"]
[Result "0-1"]
[WhiteElo "1843"]
[BlackElo "2006"]

1. e4 c6 2. g3 d5 3. Bg2 dxe4 4. Bxe4 Nf6 5. Nc3 Nxe4 6. Nxe4 Bf5 7. Nc3 e6 8.
a3 Bc5 9. d3 O-O 10. Be3 Nd7 11. d4 Be7 12. Qe2 Nb6 13. O-O-O Nd5 14. Qd2 b5 15.
h4 a5 16. Nce2 a4 17. Nh3 b4 18. Bh6 gxh6 19. Qxh6 bxa3 20. Kb1 Qb6 21. Kc1
Qxb2+ 22. Kd2 Bb4+ 23. Nc3 Qxc2+ 24. Ke1 Bxc3+ 25. Kf1 Qxd1+ 26. Kg2 Be4+ 27.
Kh2 Qxh1# 0-1

[Event "Challenge"]
[Site "http://www.queenalice.com/game.php?id=878558"]
[Date "2010.12.29"]
[Round "-"]
[White "isaiasgah"]
[Black "paco78"]
[Result "0-1"]
[WhiteElo "1738"]
[BlackElo "1853"]

1. e4 e5 2. Nf3 Nc6 3. Nc3 Nf6 4. d4 exd4 5. Nxd4 Nxd4 6. Qxd4 b6 7. Bg5 Be7 8.
e5 c5 9. Qd3 Ng4 10. Qf3 d5 11. Bxe7 Qxe7 12. Nxd5 Nxe5 13. Bb5+ Bd7 14. Nc7+
Kd8 15. Qxa8+ Bc8 16. O-O-O+ Kxc7 17. Qxa7+ Bb7 18. Qa3 Qg5+ 19. Qe3 Qf6 20. h3
Bxg2 21. Rh2 Bf3 22. Be2 Bxe2 23. Qxe2 Qf4+ 24. Qe3 Qxh2 25. b3 f6 26. f4 Ng6
27. Rf1 Rd8 28. a4 Qg2 29. a5 Qxf1+ 30. Kb2 Qxf4 31. Qe6 Qd4+ 32. Ka3 Qb4+ 33.
Kb2 bxa5 34. Qf7+ Rd7 35. Qg8 h6 36. Qe8 a4 37. Qxg6 c4 38. Qg3+ Kb6 39. Qb8+
Ka5 40. Qxb4+ Kxb4 41. c3+ Kb5 42. b4 Rd2+ 43. Ka3 Rc2 44. h4 Rxc3+ 45. Ka2 Kxb4
0-1

[Event "Challenge"]
[Site "http://www.queenalice.com/game.php?id=878559"]
[Date "2010.12.29"]
[Round "-"]
[White "Fafner"]
[Black "isaiasgah"]
[Result "1-0"]
[WhiteElo "1995"]
[BlackElo "1868"]

1. e4 d5 2. exd5 Qxd5 3. Nc3 Qd8 4. d4 b6 5. Bc4 e6 6. Nf3 c6 7. O-O h6 8. Re1
Nf6 9. Bf4 Na6 10. a3 Be7 11. Qd2 O-O 12. Rad1 Bb7 13. Ne5 b5 14. Ba2 b4 15.
axb4 Bxb4 16. Bxh6 gxh6 17. Qxh6 Nd5 18. Rd3 Qf6 19. Rg3+ Qg6 20. Nxg6 1-0

[Event "Challenge"]
[Site "http://www.queenalice.com/game.php?id=879749"]
[Date "2011.1.1"]
[Round "-"]
[White "tucuman"]
[Black "isaiasgah"]
[Result "1-0"]
[WhiteElo "1558"]
[BlackElo "1724"]

1. e4 d5 2. e5 Nc6 3. d4 Bf5 4. a3 e6 5. h3 g6 6. Nf3 Bg7 7. Nc3 Nge7 8. Be3 O-O
9. Bd3 Re8 10. Bxf5 Nxf5 11. O-O Rf8 12. b4 f6 13. Bf4 g5 14. Bd2 fxe5 15. dxe5
Nxe5 16. Nxe5 Bxe5 17. Rb1 d4 18. Ne4 h6 19. Qh5 d3 20. Qg6+ Bg7 21. Qxe6+ Kh8
22. cxd3 Qxd3 23. Rbd1 Rae8 24. Qg6 Qxe4 25. Rfe1 Nh4 26. Qxe4 Rxe4 27. Rxe4 Bb2
28. a4 Ng6 29. g3 b6 30. Be3 Kg8 31. Rd7 Rc8 32. Bd4 Nf8 33. Rde7 Ba3 34. Rg7+
Kh8 35. Rxc7+ Kg8 36. Rxc8 Bxb4 37. Re6 h5 38. Rg6+ Kh7 39. Rxg5 Ne6 40. Rxh5+
Kg6 41. Rd5 Be7 42. Rg8+ Kf7 43. Rh8 1-0

[Event "Challenge"]
[Site "http://www.queenalice.com/game.php?id=881263"]
[Date "2011.1.4"]
[Round "-"]
[White "Xmen"]
[Black "isaiasgah"]
[Result "1-0"]
[WhiteElo "1889"]
[BlackElo "1779"]

1. e4 d5 2. e5 Nc6 3. d4 Bf5 4. a3 f6 5. f4 Be4 6. Nf3 e6 7. b4 Nge7 8. Bd3 Qd7
9. Bd2 O-O-O 10. Qe2 h6 11. Bxe4 dxe4 12. Qxe4 f5 13. Qe3 Nxd4 14. Nxd4 Nd5 15.
Qf2 c5 16. Ne2 Be7 17. h4 b6 18. c4 Nc7 19. Nec3 Qd3 20. Rh3 Qxc4 21. Nd1 Nd5
22. Nbc3 cxb4 23. Nxd5 Rxd5 24. Rc1 Qc5 25. Rxc5+ Bxc5 26. Qf3 bxa3 27. Nc3 Rd7
28. Qa8+ Kc7 29. Nb5# 1-0

[Event "bubu"]
[Site "http://www.queenalice.com/game.php?id=882611"]
[Date "2011.1.7"]
[Round "-"]
[White "isaiasgah"]
[Black "bubu52"]
[Result "1-0"]
[WhiteElo "1760"]
[BlackElo "1807"]

1. e4 e5 2. Nf3 f5 3. d3 h6 4. Nxe5 Qf6 5. Qh5+ Ke7 6. Ng6+ Ke6 7. Nxh8 Ne7 8.
g3 g6 9. Nxg6 Nxg6 10. Bh3 Kd6 11. Bxf5 Ne7 12. Bf4+ Kc6 13. Bg4 Qxb2 14. c4
Qxa1 15. Qb5# 1-0

[Event "Challenge"]
[Site "http://www.queenalice.com/game.php?id=883650"]
[Date "2011.1.9"]
[Round "-"]
[White "enzoferrari"]
[Black "isaiasgah"]
[Result "1-0"]
[WhiteElo "1868"]
[BlackElo "1753"]

1. e4 d5 2. exd5 Nf6 3. d4 Qxd5 4. c3 Nc6 5. Nf3 Bg4 6. Be2 O-O-O 7. O-O h5 8.
Nbd2 h4 9. Re1 h3 10. g3 e5 11. c4 Qd7 12. Nxe5 Nxe5 13. dxe5 Qc6 14. Bxg4+ Nxg4
15. Qxg4+ Kb8 16. Nf3 g6 17. Bg5 Rd3 18. Rad1 Rxd1 19. Rxd1 a6 20. Qc8+ Ka7 21.
Be3+ Bc5 22. Bxc5+ b6 23. Bxb6+ Kxb6 24. Qxh8 Qxf3 25. Qb8+ Ka5 26. Rd5+ Ka4 27.
Qe8+ Kb4 28. Qe7+ Kxc4 29. Qc5# 1-0

[Event "Challenge"]
[Site "http://www.queenalice.com/game.php?id=886109"]
[Date "2011.1.14"]
[Round "-"]
[White "isaiasgah"]
[Black "chessweed69"]
[Result "0-1"]
[WhiteElo "1652"]
[BlackElo "1606"]

1. e4 e5 2. Nf3 d6 3. Nc3 Nc6 4. h3 a6 5. Bc4 Nf6 6. Ng5 Be6 7. Bxe6 fxe6 8.
Nxe6 Qd7 9. Nd5 Nxd5 10. exd5 Ke7 11. O-O Nb4 12. Nxf8 Kxf8 13. c4 Nd3 14. Qf3+
Nf4 15. d4 Qf5 16. dxe5 dxe5 17. g4 Qg5 18. Bxf4 exf4 19. Rfe1 h5 20. Qa3+ Kg8
21. f3 Qh4 22. Kf1 Qxh3+ 23. Ke2 Re8+ 24. Kd2 Qg2+ 25. Kc3 Qxf3+ 26. Kb4 Qxa3+
27. Kxa3 Re3+ 28. Kb4 Rxe1 29. Rxe1 hxg4 30. Re4 g5 31. Re8+ Kg7 32. Re7+ Kf6
33. Rxc7 f3 34. d6 b6 35. d7 Rd8 36. Rc6+ Ke7 37. c5 f2 0-1

[Event "Challenge"]
[Site "http://www.queenalice.com/game.php?id=886616"]
[Date "2011.1.15"]
[Round "-"]
[White "Samuelfs57"]
[Black "isaiasgah"]
[Result "1-0"]
[WhiteElo "1932"]
[BlackElo "1788"]

1. e4 d5 2. exd5 Nf6 3. c4 g6 4. Nf3 Qd6 5. d4 Ne4 6. Bd3 Qb4+ 7. Nbd2 Bf5 8.
Bxe4 Bxe4 9. a3 Bxf3 10. Qxf3 Qa5 11. O-O Nd7 12. Ne4 f6 13. b4 Qa6 14. Re1 Bg7
15. b5 Qa5 16. Bd2 Qa4 17. d6 Qxc4 18. Rac1 Qxb5 19. dxc7 O-O 20. Bb4 Ne5 21.
dxe5 fxe5 22. Qb3+ Kh8 23. Ng5 Bf6 24. Rc5 Qa6 25. Ne6 b6 26. Rc6 Qb5 27. Rec1
Rfc8 28. Nd8 a5 29. Rxf6 exf6 30. Qf7 Rxd8 31. cxd8=Q+ Rxd8 32. Qxf6+ Kg8 33.
Qxd8+ Kg7 34. Qf8# 1-0

[Event "Challenge"]
[Site "http://www.queenalice.com/game.php?id=892362"]
[Date "2011.1.28"]
[Round "-"]
[White "isaiasgah"]
[Black "plot24"]
[Result "0-1"]
[WhiteElo "1773"]
[BlackElo "1818"]

1. e4 e5 2. Nf3 Nc6 3. Nc3 d6 4. Be2 Nf6 5. O-O Be7 6. d3 h6 7. Be3 Be6 8. d4
exd4 9. Nxd4 O-O 10. Nxe6 fxe6 11. Bg4 Qd7 12. Nd5 Nxg4 13. Qxg4 Ne5 14. Qg3
exd5 15. Bxh6 Qg4 16. Qb3 gxh6 17. Qxd5+ Kh8 18. f3 Nxf3+ 19. Kh1 Nxh2 20. Kxh2
Bf6 21. Kg1 Be5 22. Qc4 Qg3 23. Rxf8+ Rxf8 24. Rf1 Qh2# 0-1

[Event "Challenge"]
[Site "http://www.queenalice.com/game.php?id=895847"]
[Date "2011.2.4"]
[Round "-"]
[White "Xmen"]
[Black "isaiasgah"]
[Result "1-0"]
[WhiteElo "1859"]
[BlackElo "1697"]

1. Nf3 d6 2. Nc3 Nf6 3. e4 Nc6 4. d4 Bg4 5. Bb5 Qd7 6. d5 a6 7. dxc6 bxc6 8. Be2
e5 9. Bg5 Be7 10. h3 Bh5 11. g4 Bg6 12. Bxf6 Bxf6 13. g5 Be7 14. h4 h5 15. Bc4
O-O 16. Nxe5 Qe8 17. Nxg6 d5 18. Nxf8 Bxf8 19. Bd3 g6 20. Qe2 d4 21. Na4 1-0

[Event "Challenge"]
[Site "http://www.queenalice.com/game.php?id=895932"]
[Date "2011.2.4"]
[Round "-"]
[White "isaiasgah"]
[Black "plot24"]
[Result "0-1"]
[WhiteElo "1686"]
[BlackElo "1816"]

1. e4 e6 2. Nf3 d5 3. Bd3 c5 4. c4 Nf6 5. Nc3 dxe4 6. Bxe4 Nxe4 7. Nxe4 Qd3 8.
Nc3 Qxc4 9. Ne5 Qd4 10. Nf3 Qf6 11. O-O a6 12. Re1 g6 13. Nd5 Qd8 14. Qb3 Nc6
15. d3 Na5 16. Qa4+ Bd7 17. Qe4 Bc6 18. Qe5 Bxd5 19. Qxh8 Bxf3 20. gxf3 h5 21.
Bh6 Qe7 22. Bf4 O-O-O 23. Qc3 Nc6 24. Be3 h4 25. a3 h3 26. Rad1 f5 27. d4 cxd4
28. Bxd4 Qg5+ 29. Kf1 Kb8 30. Be5+ Ka8 31. Bf6 Qg2+ 32. Ke2 Rxd1 33. Rxd1 Qxh2
34. Bg5 Qb8 35. Qh8 h2 36. f4 Bc5 37. Qxh2 e5 38. b4 exf4 39. bxc5 f3+ 40. Kxf3
Qxh2 41. Bf4 Qh5+ 42. Ke3 Qxd1 0-1

[Event "Challenge"]
[Site "http://www.queenalice.com/game.php?id=896570"]
[Date "2011.2.6"]
[Round "-"]
[White "isaiasgah"]
[Black "TIMM"]
[Result "1-0"]
[WhiteElo "1662"]
[BlackElo "1727"]

1. e4 d5 2. exd5 Qxd5 3. Nc3 Qe6+ 4. Be2 Qc6 5. Bb5 Qxb5 6. Nxb5 Na6 7. Nf3 Bd7
8. Nfd4 c6 9. Nc3 O-O-O 10. Qf3 Nb4 11. Qd1 h5 12. O-O Bg4 13. f3 Bd7 14. a3 Nd5
15. Nxd5 cxd5 16. d3 e5 17. Nb3 b6 18. f4 e4 19. Nd4 Bc5 20. Be3 Bg4 21. Qe1 Ne7
22. b4 Bxd4 23. Bxd4 Nf5 24. Qc3+ Kb7 25. Be5 Rc8 26. Qd2 f6 27. dxe4 fxe5 28.
exf5 d4 29. fxe5 Rhd8 30. h3 Bxf5 31. Rxf5 g6 32. Rf7+ Kb8 33. e6 Rd6 34. e7 Re8
35. Rf8 Re6 36. Rxe8+ Kc7 37. Qxd4 Rd6 38. Qe5 Kc6 39. Rc8+ Kb7 40. e8=Q g5 41.
Qxd6 g4 42. b5 gxh3 43. Qdd7# 1-0

[Event "Challenge"]
[Site "http://www.queenalice.com/game.php?id=896571"]
[Date "2011.2.6"]
[Round "-"]
[White "TIMM"]
[Black "isaiasgah"]
[Result "1-0"]
[WhiteElo "1741"]
[BlackElo "1634"]

1. e4 d5 2. e5 Nc6 3. d4 e6 4. c3 Be7 5. f4 h5 6. g3 g6 7. b4 Nh6 8. h3 Nf5 9.
Qf3 h4 10. gxh4 Bxh4+ 11. Kd1 Ng3 12. Rh2 Ne4 13. Be3 Bg3 14. Rg2 a6 15. Bd3
Nxc3+ 16. Nxc3 Nxb4 17. Kd2 Bh4 18. Bf2 Bd7 19. a3 Nc6 20. Qg4 Be7 21. Rh2 Na5
22. Kc2 c6 23. h4 Qb6 24. Rb1 Qc7 25. h5 Bxa3 26. Nf3 c5 27. hxg6 O-O-O 28. gxf7
cxd4 29. Rxh8 Qxc3+ 30. Kd1 Qxd3+ 31. Nd2 Rxh8 32. Qg8+ Rxg8 33. fxg8=Q+ Kc7 34.
Qg3 Qh7 35. Qxa3 Nc4 36. Qc5+ Bc6 37. Rb3 b6 38. Qxd4 Ba4 39. Qc3 Bxb3+ 40. Qxb3
Na5 41. Qxb6+ Kc8 42. Qxe6+ Qd7 43. Qxd7+ Kxd7 44. f5 Nc6 45. Bg3 a5 46. f6 Ke6
47. Kc2 d4 48. Nf3 Nb4+ 49. Kb3 Nc6 50. Ka4 1-0

[Event "Challenge"]
[Site "http://www.queenalice.com/game.php?id=897291"]
[Date "2011.2.7"]
[Round "-"]
[White "Andrei_78"]
[Black "isaiasgah"]
[Result "1-0"]
[WhiteElo "1704"]
[BlackElo "1667"]

1. e4 d5 2. exd5 Nf6 3. c4 Bf5 4. Nc3 g6 5. Nf3 Bg7 6. Be2 O-O 7. O-O c6 8. dxc6
Nxc6 9. a3 e6 10. d3 Ng4 11. h3 Nf6 12. Bg5 Nd4 13. Nxd4 Qxd4 14. Be3 Qh4 15.
Bc5 Rfd8 16. f4 Bxh3 17. Bf2 Qxf4 18. gxh3 a6 19. Bf3 Rd7 20. Ne2 Qf5 21. Ng3
Qxh3 22. Bg2 Qh6 23. Re1 Qg5 24. Ne4 Nxe4 25. Rxe4 Bxb2 26. Be3 Qf6 27. Rf4 Qc3
28. Bd4 Rxd4 29. Rxd4 Bxa1 30. Rd7 Qxa3 31. Bxb7 Rb8 32. Qf1 f5 33. Kh2 Be5+ 34.
Kh1 a5 35. Bf3 Qc3 36. Kg2 Qc2+ 37. Be2 a4 38. Re7 a3 39. Kh1 a2 40. Rxe6 a1=Q
41. Qxa1 Bxa1 42. Kg2 Kf7 43. Re3 Bd4 44. Kf3 1-0

[Event "Challenge"]
[Site "http://www.queenalice.com/game.php?id=902726"]
[Date "2011.2.19"]
[Round "-"]
[White "Xmen"]
[Black "isaiasgah"]
[Result "1-0"]
[WhiteElo "1786"]
[BlackElo "1675"]

1. d4 d6 2. e3 Nf6 3. Nc3 Bf5 4. h3 Ne4 5. Nxe4 Bxe4 6. f3 Bf5 7. e4 Bd7 8. Bc4
b5 9. Bd5 c6 10. Bb3 a5 11. a4 b4 12. f4 d5 13. Nf3 e6 14. exd5 cxd5 15. Qe2 Bd6
16. Ne5 Bxe5 17. Qxe5 f6 18. Qe2 Nc6 19. Bxd5 Nxd4 20. Qe4 Nc6 21. Bxc6 f5 22.
Qxe6+ Qe7 23. Bxd7+ Kd8 24. Qxe7+ Kxe7 25. Bxf5 g6 26. Bd3 Kf6 27. O-O Rhd8 28.
Be3 Rac8 29. Rac1 b3 30. Rfd1 bxc2 31. Bxc2 Rxc2 32. Rxd8 1-0

[Event "Challenge"]
[Site "http://www.queenalice.com/game.php?id=903944"]
[Date "2011.2.22"]
[Round "-"]
[White "isaiasgah"]
[Black "pdunlop"]
[Result "0-1"]
[WhiteElo "1608"]
[BlackElo "1770"]

1. e4 e5 2. Nf3 Nc6 3. Nc3 Nf6 4. Be2 d6 5. O-O Be7 6. d4 Bg4 7. d5 Nb8 8. Bb5+
c6 9. dxc6 Nxc6 10. Nd5 Nxe4 11. Qd3 Nc5 12. Qe3 O-O 13. Nxe7+ Qxe7 14. Ng5 Nb4
15. Qd2 a5 16. a3 Nc6 17. Be2 Bxe2 18. Qxe2 h6 19. Ne4 Nd4 20. Qg4 f5 21. Qd1
fxe4 22. Qg4 Nxc2 23. Rb1 Qe6 24. Qg3 Nd3 25. Be3 d5 26. f4 exf4 27. Bxf4 e3 28.
Bd6 Rxf1+ 29. Rxf1 Re8 30. Bc7 Nd4 31. Bxa5 Ne2+ 32. Kh1 Nxg3+ 0-1

[Event "Challenge"]
[Site "http://www.queenalice.com/game.php?id=904975"]
[Date "2011.2.24"]
[Round "-"]
[White "isaiasgah"]
[Black "plot24"]
[Result "0-1"]
[WhiteElo "1655"]
[BlackElo "1870"]

1. e4 e5 2. Nf3 Nc6 3. Nc3 d6 4. Bb5 Bd7 5. O-O Nf6 6. d4 exd4 7. Nxd4 Ne5 8. f4
Ng6 9. f5 Ne5 10. Bg5 c6 11. Ba4 Be7 12. Bxf6 Bxf6 13. Qh5 a5 14. Bb3 O-O 15. a4
Re8 16. Nf3 g6 17. Qh3 d5 18. Nxd5 cxd5 19. Bxd5 Bxf5 20. exf5 Qxd5 21. Kh1 Nxf3
22. Rxf3 Bxb2 23. Raf1 Rad8 24. Rd3 Qe5 25. Rb3 Qe1 26. g3 Qe4+ 27. Rbf3 Bg7 28.
c3 Rd3 29. g4 Rxc3 30. g5 gxf5 31. Qh5 Rxf3 32. Rxf3 Qg4 33. Rh3 Re1# 0-1

[Event "Challenge"]
[Site "http://www.queenalice.com/game.php?id=904976"]
[Date "2011.2.24"]
[Round "-"]
[White "plot24"]
[Black "isaiasgah"]
[Result "1-0"]
[WhiteElo "1862"]
[BlackElo "1663"]

1. e4 d5 2. exd5 Nf6 3. Nf3 Nxd5 4. Be2 Nd7 5. O-O e6 6. d3 b6 7. c4 Nb4 8. Qa4
Bb7 9. Nc3 Bc6 10. Qd1 Qf6 11. a3 Na6 12. Bd2 h5 13. b4 Bb7 14. Nb5 Bd6 15. Ng5
Bxh2+ 16. Kxh2 Qe5+ 17. f4 Qf5 18. Bc3 c5 19. Nd6+ Ke7 20. Nxf5+ exf5 21. Bxg7
Rhg8 22. Bc3 h4 23. Bf3 Bxf3 24. Nxf3 Rad8 25. Nxh4 f6 26. Nxf5+ Kf8 27. Rf3
Rh8+ 28. Rh3 Kf7 29. Qe2 Rxh3+ 30. gxh3 Re8 31. Qh5+ Kf8 32. Qh8+ Kf7 33. Nd6+
1-0

[Event "Challenge"]
[Site "http://www.queenalice.com/game.php?id=909544"]
[Date "2011.3.7"]
[Round "-"]
[White "Pepe_chaves"]
[Black "isaiasgah"]
[Result "1-0"]
[WhiteElo "1675"]
[BlackElo "1622"]

1. e4 d5 2. e5 e6 3. d4 Nc6 4. c3 h6 5. Be2 Bd7 6. Nh3 Qh4 7. Be3 O-O-O 8. O-O
f6 9. Nd2 fxe5 10. dxe5 Nxe5 11. Bxa7 b6 12. b4 Bc6 13. Ba6+ Bb7 14. Bb5 Bd6 15.
Nf3 Nxf3+ 16. Qxf3 Qe7 17. Qe2 Nf6 18. f3 Be5 19. Qxe5 d4 20. Nf4 Qf7 21. cxd4
Nd7 22. Qe3 1-0